000 00743nam a2200193 i 4500
001 154973
003 ES-MaACL
005 20250809011732.0
008 990727s1834 sp |||| | spa d
100 1 _aGutiérrez, Manuel María.
_961068
245 1 0 _aComercio libre o Funesta teoría de la libertad económica absoluta /
_cManuel María Gutiérrez.
246 3 0 _aFunesta teoría de la libertad económica absoluta
260 _aMadrid :
_b[s.n.],
_c1834 (
_fImp. de Don Marcelino Calero y Portocarrero)
300 _a145 p. ;
_c28 cm.
597 _aPort. con grab. calc.
650 7 _aLibre cambio
_2embne
_9136409
852 _aES-MaACL
_jR-2659(1)
_xOlim:T-50-F
_z- Enc. hol.
_z- Enc. en un vol. facticio
999 _c154973
_d154973